La experiencia francesa y la movilización internacional en la lucha contra el lavado de dinero / (Record no. 23717)

MARC details
000 -CABECERA
campo de control de longitud fija 00623nam a2200181 a 4500
005 - FECHA Y HORA DE LA ÚLTIMA TRANSACCIÓN
campo de control 20210219150910.0
008 - ELEMENTOS DE LONGITUD FIJA--INFORMACIÓN GENERAL
campo de control de longitud fija 991125s1996 mx 000 0 spa u
020 ## - NÚMERO INTERNACIONAL NORMALIZADO PARA LIBROS
Número Internacional Estándar del Libro 968818151X
035 ## - NÚMERO DE CONTROL DEL SISTEMA
Número de control de sistema UPN01000023717
049 ## - COLECCIÓN
Colección CG
050 #4 - SIGNATURA TOPOGRÁFICA DE LA BIBLIOTECA DEL CONGRESO
Número de clasificación HV6771 F8
Número de documento/Ítem C8.4
100 1# - ASIENTO PRINCIPAL--NOMBRE PERSONAL
Nombre de persona Cuisset, André
245 13 - MENCIÓN DE TÍTULO
Título La experiencia francesa y la movilización internacional en la lucha contra el lavado de dinero /
Mención de responsabilidad, etc. André Cuisset.
260 ## - PUBLICACIÓN, DISTRIBUCIÓN, ETC.
Lugar de publicación, distribución, etc. México :
Nombre del editor, distribuidor, etc. PGR :
-- Servicio de Cooperación Técnica Internacional de la Policía Francesa en México,
Fecha de publicación, distribución, etc. 1996.
300 ## - DESCRIPCIÓN FÍSICA
Extensión 255 p.
650 #4 - ASIENTO SECUNDARIO DE MATERIA - TERMINO TEMATICO
Término de materia o nombre geográfico como elemento de entrada LAVADO DE DINERO -
Subdivisión geográfica FRANCIA
905 ## - TIPO DE MATERIAL
Tipo de material Libro
Holdings
Estado de retiro Estado de pérdida Fuente del sistema de clasificación o colocación Estado dañado No para préstamo Código de colección Localización permanente Ubicación/localización actual Ubicación en estantería Total de préstamos Clasificación Código de barras Fecha visto por última vez Número de copia Tipo de ítem Koha
    Library of Congress Classification     Colección General Bib. Gregorio Torres Quintero Bib. Gregorio Torres Quintero Planta baja 1 HV6771 F8 C8.4 133387 31/12/2020 1 Libro